| 000 | 00478cam a22001337a 4500 | ||
|---|---|---|---|
| 008 | 180718b1961 xxu||||| |||| 00| 0 eng d | ||
| 082 | _aD4 F3271 | ||
| 100 | _aFeinberg, Nathan | ||
| 245 |
_aLegality of a "State of war" after the cessation of hostilities, under the charter of the United Nations and the Convenant of the League of Nations _cby Nathan Feinberg |
||
| 260 |
_aJerusalem _bMagnes Press _c1961 |
||
| 300 | _a86p. | ||
| 500 | _a8/- | ||
| 650 | _aWar (International law) | ||
| 999 |
_c365251 _d365251 |
||